000 00682nam a22002417a 4500
999 _c376157
_d376157
001 89893
003 UA-OsUOA
005 20200226093450.0
007 ta
008 20121112b un ||||| |||| 00| 0 ukr d
020 _a5333002223
040 _aUA-OsUOA
_bukr
_cUA-OsUOA
_dUA-OsUOA
041 _aukr
080 _a821.161.2
090 _a821.161.2
_bК59
100 _aКозаченко В.
245 _aКоні воронії: дума про матір
_bроман
260 _aК.
_bРадянський письменник
_c1989
300 _a455 с.
650 7 _a82 Література. Літературознавство
_2UDC
942 _cBK
_2udc
955 _a3